000 01556cam a2200373 i 4500
999 _c65146
_d65146
001 42393587
003 OCoLC
005 20190813114709.0
008 990907s1999 maua b 001 0 eng
010 _a99047392
020 _a156563344X
040 _aDLC
_cCO-MdFUSB
_dC#P
_dUtOrBLW
_bspa
_erda
041 _aeng
043 _aaw-----
082 _224
_aG 232
_bW823j
100 1 _aWitherington, Ben,
_cIII,
_d1951-
_eautor
245 1 0 _aJesus the seer
_b: the progress of prophecy
_c/ Ben Witherington III.
264 1 _aPeabody, Massachusetts :
_bHendrickson Publishers,
_c℗[1999]
264 4 _c©1999.
300 _axvii, 427 páginas :
_bilustraciones ;
_c24 cm.
336 _2rdacontent.
_atexto
_btxt
337 _2rdamedia.
_asin mediación
_bn
338 _2rdacarrier.
_avolumen
_bnc
501 _aIncluye índices (páginas 415- 427)
504 _aBibliografía (páginas 405- 414)
505 _aEl comienzo de la palabra -- Guardianes de la llama -- Cortejando a los profetas -- Profetas de las santas escrituras -- Sueños exiliados de grandeza -- ¿Visiones vitales o la muerte de la luz? -- Apocalipsis entonces -- Jesús el vidente -- Profetas, videntes y soñadores en los albores de la era cristiana -- Perfil de un profeta y su movimiento -- Del vidente al pastor -- De Mari a Montanus -- El progreso de la profecía: Conclusiones
650 0 _aLo sobrenatural
_91076
653 _aProfecía
653 _aProfetas
942 _cBK
945 _aANF-558